000 00838nam a2200169 4500
005 20220928114828.0
008 220928b ||||| |||| 00| 0 eng d
022 _a2392-1641
040 _cAL
041 _aeng
245 _aEconomics and Business Review
260 _aPoland
_bPoznan University
500 _aEconomic and Business Review is a double-blind refereed OPEN ACCESS journal that aims to further the research and disseminate research results in the area of applied business and economic studies, including various fields of economic research, bank and financial management, business informatics, entrepreneurship, international business, management and marketing with the focus on the Central and Eastern Europe.
650 _2Economics
_aEconomics
_958634
856 _awww.wydawnictwo.ue.poznan.pl
942 _2ddc
_cPR
_s1
999 _c224676
_d224676